Using ICT for reliable identification and authentication of medicine (Record no. 10495)

000 -LEADER
fixed length control field 00570 a2200133 4500
082 ## - DEWEY DECIMAL CLASSIFICATION NUMBER
Classification number MSIT-8
100 ## - MAIN ENTRY--PERSONAL NAME
Personal name Saif-ur-Rehman
9 (RLIN) 27521
245 ## - TITLE STATEMENT
Title Using ICT for reliable identification and authentication of medicine
Statement of responsibility, etc. Saif-ur-Rehman
260 ## - PUBLICATION, DISTRIBUTION, ETC.
Place of publication, distribution, etc. Islamabad
Name of publisher, distributor, etc. NUST School of Electrical Engineering and Computer Science
Date of publication, distribution, etc. 2011.
300 ## - PHYSICAL DESCRIPTION
Extent x,61p.
Other physical details :ill.
Dimensions ;27cm.+
Accompanying material CD-ROM
500 ## - GENERAL NOTE
General note Supervisors: Dr. Raihan ur Rasool, Dr. Zahid Anwar, Mr. Aatif Kamal, Mr. Qasim Mahmood Rajpoot
856 ## - ELECTRONIC LOCATION AND ACCESS
Uniform Resource Identifier <a href="http://10.250.8.41:8080/xmlui/handle/123456789/10248">http://10.250.8.41:8080/xmlui/handle/123456789/10248</a>
942 ## - ADDED ENTRY ELEMENTS (KOHA)
Koha item type Project Report
Call number prefix MSIT-8
Source of classification or shelving scheme
Holdings
Withdrawn status Lost status Damaged status Not for loan Permanent Location Current Location Total Checkouts Full call number Barcode Date last seen Price effective from Koha item type Source of classification or shelving scheme Shelving location Date acquired
        Central Library (CL) Central Library (CL)   MSIT-8 SEECSP00957 11/14/2012 11/14/2012 Project Report      
        Central Library (CL) Central Library (CL)   004MSIT-8 CL-T-4141 12/16/2019 12/16/2019 Thesis   Thesis 12/16/2019
        Central Library (CL) Central Library (CL)   004MSIT-8 CL-T-4142 12/16/2019 12/16/2019 Thesis   Thesis 12/16/2019
© 2023 Central Library, National University of Sciences and Technology. All Rights Reserved.